000 01371nam a22003737a 4500
003 CHAP
005 20220329140351.0
008 971013s1978 r 00010 d
010 _a50981
011 _a51953
035 _a56103
040 _cCHAP
090 _aTesis
100 0 0 _aWade Carrillo, Wellio Iturbe.
_9120753
245 _aAnálisis de algunos factores ambientales que afectan la producción y reproducción en el hato lechero Holstein de la UACH
260 _aChapingo, Méx. :
_bEl autor,
_c1978
300 _a84 h.
_b; gráfs.
502 _aTesis (Ing. Agr. Esp. en Zootecnia) -- ENA. Departamento de Zootecnia
590 _aALEPH
_b10
_c20130110
_lUCH01
_h1326
590 _aBATCH-UPD
_b10
_c20130110
_lUCH01
_h1229
590 _aBATCH-UPD
_b10
_c20130410
_lUCH01
_h0800
590 _aBATCH-UPD
_b10
_c20130914
_lUCH01
_h1511
590 _aCONVERSION
_b10
_c20130109
_lUCH01
_h1328
650 1 4 _aGanado Holstein.
_945133
650 1 4 _aGanado lechero
_xEfecto del medio ambiente.
_945258
650 1 4 _aGanado lechero
_xProducción.
_945288
650 1 4 _aGanado lechero
_xReproducción.
_945294
650 1 4 _aGanado lechero
_zMéxico (Edo.).
_945314
901 _aBK
942 _cFOLL
949 _bBC
_cTES
_d-122710
_eTS1
_i56103
_si
949 _bBC
_cTES
_d33724000598546
_eTS2
_fc.2
_i56103
_si
949 _bBC
_cTES
_d33724000598553
_eTS2
_fc.3
_h21869
_i56103
_si
999 _c50981
_d50981